| 000 | 01177nam a2200265Ia 4500 | ||
|---|---|---|---|
| 003 | OSt | ||
| 005 | 20221005112113.0 | ||
| 006 | a|||||r|||| 00| 0 | ||
| 007 | ta | ||
| 008 | 221004b |||||||| |||| 00| 0 hin d | ||
| 020 |
_a9789352589869 (hbk) _cIndian Rupees 550 |
||
| 024 | _a33839 | ||
| 037 |
_bGift, 03/10/2017, _cTextual |
||
| 040 |
_aCRL _cCRL _bhin |
||
| 041 |
_2hin _ahin |
||
| 082 | _aL:5, 152Q6 | ||
| 100 |
_aमिश्रा, राकेश कुमार, संपा. _9163967 |
||
| 245 | 0 | _aमानव स्वास्थ्य के बदलते पहलूः जीनोम और बीमारियां | |
| 246 | _aMānav swāsthya ke badalate pahalūah jīnom aur bīmāriyāan | ||
| 260 |
_aहैदराबाद _bसीएसआईआर-कोशिकीय एवं आणविक जीवविज्ञान केन्द्र भारत _c2016 |
||
| 300 |
_a173पृ0 _ccm. |
||
| 650 | _aचिकित्सा शास्त्र | ||
| 942 |
_hL:5, 152Q6 _cTEXL _2cc |
||
| 999 |
_c1023832 _d1023832 |
||